00266nam a22001217a 4500003000400000020001800004082001800022100002400040245003200064250000800096260003300104300000700137SGT a9786206651276 a617.601bS23P aPriyadarshi, Surbhi aSchool Oral Health Programs a1st bLambert Academic Pub. c2023 a91